A graphic history of sport : (Record no. 358352)
[ view plain ]
| 000 -LEADER | |
|---|---|
| fixed length control field | 00928nam a22002177a 4500 |
| 003 - CONTROL NUMBER IDENTIFIER | |
| control field | SISC |
| 005 - DATE AND TIME OF LATEST TRANSACTION | |
| control field | 20180824162644.0 |
| 008 - FIXED-LENGTH DATA ELEMENTS--GENERAL INFORMATION | |
| fixed length control field | 180824b xxu||||| |||| 00| 0 eng d |
| 020 ## - INTERNATIONAL STANDARD BOOK NUMBER | |
| International Standard Book Number | 9781101906996 |
| 050 ## - LIBRARY OF CONGRESS CALL NUMBER | |
| Classification number | GV 707 |
| Item number | .J37 2016 |
| 100 ## - MAIN ENTRY--PERSONAL NAME | |
| Personal name | Janik, Andrew |
| 245 ## - TITLE STATEMENT | |
| Title | A graphic history of sport : |
| Remainder of title | an illustrated chronicle of the greatest wins, misses, and matchups from the games we love / |
| Statement of responsibility, etc | Andrew Janik |
| 260 ## - PUBLICATION, DISTRIBUTION, ETC. (IMPRINT) | |
| Place of publication, distribution, etc | New York : |
| Name of publisher, distributor, etc | Clarkson Potter/Publishers, |
| Date of publication, distribution, etc | [2016]. |
| 300 ## - PHYSICAL DESCRIPTION | |
| Extent | 109 pages : |
| Other physical details | color illustrations ; |
| Dimensions | 20 cm. |
| 500 ## - GENERAL NOTE | |
| General note | Includes index. |
| 520 ## - SUMMARY, ETC. | |
| Summary, etc | A guide to the best moments in sports includes classic matchups, like Clay vs. Liston, backgrounds on such legendary coaches as Tom Landry, and information on great athletes represented with iconic imagery, like Flo Jo's colorful nails. |
| 650 ## - SUBJECT ADDED ENTRY--TOPICAL TERM | |
| Topical term or geographic name as entry element | Sports |
| General subdivision | Miscellanea |
| 650 ## - SUBJECT ADDED ENTRY--TOPICAL TERM | |
| Topical term or geographic name as entry element | Sports |
| General subdivision | History |
| 942 ## - ADDED ENTRY ELEMENTS (KOHA) | |
| Source of classification or shelving scheme | Library of Congress Classification |
| Koha item type | Books |
| Withdrawn status | Lost status | Source of classification or shelving scheme | Damaged status | Home library | Current library | Shelving location | Date acquired | Source of acquisition | Sub Shelving location | Total Checkouts | Full call number | Barcode | Date last seen | Price effective from | Koha item type | Public note |
|---|---|---|---|---|---|---|---|---|---|---|---|---|---|---|---|---|
| Library of Congress Classification | Luxembourg Library | Luxembourg Library | High School Section | 08/24/2018 | Library Fund | GV 707 .J37 2016 | 20531 | 08/24/2018 | 08/24/2018 | Books | Be amazing. Be Southville! |